Sustainable Glasgow (Record no. 110403)
[ view plain ]
| 000 -LEADER | |
|---|---|
| fixed length control field | 01097cad a22002055a 4500 |
| 001 - CONTROL NUMBER | |
| control field | E149192 |
| 008 - FIXED-LENGTH DATA ELEMENTS--GENERAL INFORMATION | |
| fixed length control field | 100128s2010 xxk f 000 0 eng d |
| 035 ## - SYSTEM CONTROL NUMBER | |
| System control number | (Sirsi) u149192 |
| 041 0# - LANGUAGE CODE | |
| Language code of text/sound track or separate title | eng |
| 110 2# - MAIN ENTRY--CORPORATE NAME | |
| Corporate name or jurisdiction name as entry element | Sustainable Glasgow |
| 9 (RLIN) | 5824 |
| 245 00 - TITLE STATEMENT | |
| Title | Sustainable Glasgow |
| Medium | [electronic resource] |
| 260 ## - PUBLICATION, DISTRIBUTION, ETC. | |
| Place of publication, distribution, etc. | Glasgow |
| Name of publisher, distributor, etc. | Sustainable Glasgow |
| Date of publication, distribution, etc. | 2010 |
| 520 ## - SUMMARY, ETC. | |
| Summary, etc. | Sets out the proposals of the Sustainable Glasgow initiative, which seeks to reduce Glasgow's carbon emissions by 30% over the next 10 years. Projects discussed include combined heat and power/district heating, biomass; biogas and energy from waste; sustainable transport systems; fuel switching; energy management systems. It is hoped that the proposals will also create jobs and help to address fuel poverty. |
| 521 ## - TARGET AUDIENCE NOTE | |
| Target audience note | Advanced |
| 590 ## - LOCAL NOTE (RLIN) | |
| Local note | KA |
| 651 #4 - SUBJECT ADDED ENTRY--GEOGRAPHIC NAME | |
| Geographic name | Glasgow |
| 690 ## - LOCAL SUBJECT ADDED ENTRY--TOPICAL TERM (OCLC, RLIN) | |
| Topical term or geographic name as entry element | ENVIRONMENTAL AND LAND CONSULTANCY-ENERGY-ENERGY USE-ENERGY EFFICIENCY |
| 856 40 - ELECTRONIC LOCATION AND ACCESS | |
| Uniform Resource Identifier | <a href="https://www.sustainableglasgow.org.uk/News/Pages/SustainableGlasgowLaunch.aspx">https://www.sustainableglasgow.org.uk/News/Pages/SustainableGlasgowLaunch.aspx</a> |
| Public note | View the report free of charge at www.sustainableglasgow.org.uk... |
| 942 ## - ADDED ENTRY ELEMENTS (KOHA) | |
| Suppress in OPAC | 0 |
| Withdrawn status | Lost status | Source of classification or shelving scheme | Damaged status | Not for loan | Home library | Current library | Shelving location | Date acquired | Total Checkouts | Full call number | Barcode | Date last seen | Copy number | Price effective from | Koha item type |
|---|---|---|---|---|---|---|---|---|---|---|---|---|---|---|---|
| Dewey Decimal Classification | Virtual | Virtual | Online | 28/01/2010 | ONLINE PUBLICATION | 149192-2001 | 06/08/2019 | 1 | 06/08/2019 | Book |